Co to za ptak? #14 - Statystyki

Ogólne statystyki
  • Ten quiz został rozwiązany 24 razy
  • Średni wynik to 9 z 24
Statystyki odpowiedzi
Obrazkowy Hint Odpowiedź % Poprawnych
x szary Koronnik
100%
x uszaty Rogatnik
100%
x falisty Bekardzik
50%
Bisiorka
50%
x stawowy Błotniak
50%
x czarny Czubak
50%
x rzeczny Dżdżownik / Siewka / Sieweczka
50%
inaczej Czapla nadobna Egreta
50%
x zwyczajny Górniczek
50%
x pampasowy Kusacz
50%
x rdzawy Piłodziób
50%
Rakojad
50%
x białosterny Rybożer
50%
x białorzytny Sroczek
50%
x cejloński Sułtannik
50%
x rudosterny Złotopiór
50%
inaczej Kowalik zwyczajny Bargiel
0%
inaczej Kaczka pstrokata Birginiak
0%
x górska Elenia
0%
x szary Kanialuk
0%
x białogardła Loreczka
0%
x czerwonogardły Oskomik
0%
Pstroszka
0%
x palmowa Tangarka
0%
Nie znaleziono quizów pasujących do podanych kryteriów
Rozkład punktacji
Procent ludzi z każdym wynikiem
Percentyl według liczby udzielonych odpowiedzi
Twoja historia wyników
Nie rozwiązałeś tego quizu